Statistics for U.S. General Knowledge #37

Click here to take the quiz!

General Stats

  • This quiz has been taken 14,485 times
  • The average score is 11 of 20

Answer Stats

QuestionAnswer% Correct
What city is famous for its Bourbon Street?New Orleans
86%
Take marshmallows, graham crackers and chocolate - what do you get?S'mores
84%
What is the name of Ernie's platonic life partner?Bert
74%
After what holiday is it sometimes considered unfashionable to wear white?Labor Day
74%
What body part is Jay Leno famous for?Chin
69%
What company's mascots have included a gecko, a caveman, and a talking pile of money?Geico
69%
In "Calvin & Hobbes", what type of animal was Hobbes?Tiger
68%
What was the first state to secede from the U.S. during the Civil War?South Carolina
64%
What television host is married to Portia de Rossi?Ellen Degeneres
63%
What is Cartman's first name?Eric
61%
In what Disney theme park would you find "Future World"?Epcot Center
59%
Which Las Vegas hotel is shaped like an Egyptian pyramid?Luxor
50%
What bird did Ben Franklin think superior to the bald eagle as a national symbol of the US?Turkey
50%
What was the profession of Loretta Lynn's father?Coal miner
43%
What was 1970s New York serial killer David Berkowitz better known as?Son of Sam
43%
In addition to Arnold Schwarzenegger, what future governor starred
in the movie "Predator"?
Jesse Ventura
42%
Who was so powerful that, when he accidentally shot someone in the face,
that person apologized to him?
Dick Cheney
38%
What are brine shrimp called when they are sold as aquarium pets?Sea monkeys
35%
What TV show had an episode entitled "The Trouble with Tribbles"?Star Trek
32%
What candidate was the "spoiler" in the 2000 Presidential election?Ralph Nader
28%

Score Distribution

Percentile by Number Answered

Percent of People with Each Score

Your Score History

You have not taken this quiz